00664nam a2200205Ia 4500008004100000020001500041040001800056041000800074100002900082245006900111260003700180300001800217490004400235490003000279504002200309650002300331651004900354700003100403765002400434130821s1981 sp gr spa  a8420618225 aCo-BoUCMbspa aspa1 aAsimov, Isaacd1920-199213aLa república romanacIsaac Asimov; traductor Néstor Míguez aMadrid (España)bAlianzac1981 a255 páginas aEl Libro de Bolsillo.v822aHumanidades aHistoria Universal Asimov aIncluye índice.04aHistoria de Europa aRoma (Italia)xHistoriayRepública, 510-301 aMiguez, Néstor A.etrad.14aThe roman republic.